000 00942cam a22003133a 4500
001 0000760
003 DO-SdBNP
005 20180207094743.0
007 0000760
008 861112 2003 sp a 000 0 spa d
010 _a
020 _a8420443654
040 _aBPMSU
_cspa
_dBPMSU
_d
100 1 _aSchujer, Silvia
_d1956-
245 1 4 _aLas visitas /
_cSilvia Schujer ; ilustraciones Jesús Sanz
250 _a2a. ed.
260 _aMadrid, España :
_bAlfaguara,
_bSantillana ediciones generales,
_c2003.
300 _a114 p. :
_bil.
_c20 cm.
490 0 _aPróxima parada Alfaguara
500 _aIncluye datos biográficos de la autora.
500 _aLiteratura para niños a partir de los 12 años.
521 _aA partir de 12 años.
600 0 0 _a
_x
700 1 2 _aSanz, Jesús
_eil.
830 0 _aPróxima parada Alfaguara
942 _2ddc
_cBK
945 _ainventariado, 2018 / dg
956 _2YLOCKWARD
_310
_8BPMSU
999 _c11712
_d11712